Search the Library Catalogue
| 000 -LEADER | |
|---|---|
| fixed length control field | 00483nam a2200181Ia 4500 |
| 008 - FIXED-LENGTH DATA ELEMENTS--GENERAL INFORMATION | |
| fixed length control field | 191130s9999##################000#0#eng## |
| 020 ## - INTERNATIONAL STANDARD BOOK NUMBER | |
| ISBN | 9788173710209 |
| 082 ## - DEWEY DECIMAL CLASSIFICATION NUMBER | |
| Classification number | 823.914 JAT |
| 245 ## - TITLE STATEMENT | |
| Title | Ten short stories |
| Statement of responsibility, etc | edited by Jatin Mohanty |
| 260 ## - PUBLICATION, DISTRIBUTION, ETC. (IMPRINT) | |
| Place of publication | Hydrabad |
| Name of publisher | [publisher not identified] |
| 300 ## - PHYSICAL DESCRIPTION | |
| Number of Pages | 116p, 20cm |
| 700 ## - ADDED ENTRY--PERSONAL NAME | |
| Personal name | Mohanty, Jatin |
| 991 ## - | |
| -- | 325942 |
No items available.